000
00291nam a22001337a 4500
020
_a
81-7862-380-3
082
_a
920
_b
JOS/W
100
_a
JOSEPH,MARY
245
_a
THE WRIGHT BROTHERS
260
_a
NEW DELHI
_b
STERLING PRESS
300
_a
46
650
_a
BIOGRAPHY
_z
NEW DELHI
942
_c
BK
999
_c
6266
_d
6266